|
|
|
|
| LEADER |
00000nam a2200000 a 4500 |
| 001 |
UCI5428 |
| 003 |
CL-VaPUC |
| 008 |
080328e20000000SP |||||||||||||||||spa|d |
| 020 |
|
|
|a 9788430560165
|
| 082 |
0 |
4 |
|a 713.71
|b ATL
|2 21
|
| 245 |
1 |
0 |
|a Atlas Ilustrado. El libro del fitness
|
| 300 |
|
|
|a 249 p
|
| 942 |
|
|
|c BK
|
| 945 |
|
|
|d 20080328 00:00:00
|a rbrito
|
| 260 |
|
|
|a Madrid
|b Susaeta
|c 2000
|
| 650 |
|
7 |
|a FITNESS
|2 CL-VaPUC
|9 469781
|
| 650 |
|
7 |
|a ENTRENAMIENTO ATLETICO
|2 CL-VaPUC
|9 527806
|
| 650 |
|
0 |
|a Educación física
|9 240893
|
| 650 |
|
0 |
|a Ejercicios físicos
|9 307296
|
| 650 |
|
0 |
|a Nutrición
|9 259434
|
| 650 |
|
0 |
|a Aeróbica
|9 334255
|
| 583 |
|
|
|a last modification
|c 20080328 00:00:00
|k Rodrigo Vera
|
| 999 |
|
|
|c 329176
|d 329174
|
| 952 |
|
|
|0 0
|1 0
|4 0
|6 713_710000000000000_ATL_2000
|7 0
|8 A
|9 413542
|a BIBEDU
|b BIBEDU
|d 2019-11-22
|i 4403711
|o 713.71 ATL 2000
|p 4403711
|r 2019-11-22
|w 2019-11-22
|y BK
|k EFI
|
| 952 |
|
|
|0 0
|1 0
|4 0
|6 713_710000000000000_ATL_2000
|7 0
|8 C
|9 413543
|a BIBCUR
|b BIBCUR
|d 2019-11-22
|i 4581938
|o 713.71 ATL 2000
|p 4581938
|r 2025-04-22
|w 2019-11-22
|y BK
|k DEN
|